[Event "Santo Domingo op 08"]
[Site "Santo Domingo"]
[Date "2019.08.19"]
[Round "5"]
[White "Del Rosario Moreno, Carlos"]
[Black "Mesa Cruz, Juan Carlos"]
[Result "1-0"]
[WhiteElo "2071"]
[BlackElo "1869"]
[PlyCount "55"]
[EventDate "2019.08.12"]
[EventType "swiss"]
[EventRounds "8"]
[EventCountry "DOM"]
[SourceTitle "EXT 2020"]
[Source "ChessBase"]
[SourceDate "2019.10.17"]
[SourceVersion "1"]
[SourceVersionDate "2019.10.17"]
[SourceQuality "1"]

1. d4 d5 2. Nf3 Nf6 3. Bf4 c5 4. e3 Nc6 5. c3 e6 6. Nbd2 Bd6 7. Bg3 Bxg3 8. hxg3 Qd6 9. Qc2 0-0 10. Bd3 h6 11. Bb5 a6 12. Bxc6 bxc6 13. Ne5 cxd4 14. cxd4 Bd7 15. g4 Rfc8 16. g5 hxg5 17. Rh8+ Kxh8 18. Nxf7+ Kg8 19. Nxd6 Rc7 20. e4 Rb8 21. e5 Nh7 22. 0-0-0 Rb4 23. Rh1 Nf8 24. Qc5 Rb8 25. Nf3 Be8 26. Nxe8 Rxe8 27. Nxg5 Rb8 28. Qc3 1-0

[Event "DOM-ch"]
[Site "Santo Domingo"]
[Date "2019.05.12"]
[Round "11"]
[White "Diaz Garcia, Roberto"]
[Black "Del Rosario Moreno, Carlos"]
[Result "0-1"]
[WhiteElo "1978"]
[BlackElo "2093"]
[PlyCount "168"]
[EventDate "2019.04.26"]
[EventType "swiss"]
[EventRounds "11"]
[EventCountry "DOM"]
[SourceTitle "CBM 190 Extra"]
[Source "ChessBase"]
[SourceDate "2019.07.15"]
[SourceVersion "1"]
[SourceVersionDate "2019.07.15"]
[SourceQuality "1"]

1. e4 e6 2. d4 d5 3. Nc3 Bb4 4. Qd3 dxe4 5. Qxe4 Nf6 6. Qh4 Nc6 7. Nf3 Nd5 8. Bg5 Nce7 9. Bd2 Nxc3 10. bxc3 Bd6 11. Bd3 Bd7 12. 0-0 Nd5 13. Qxd8+ Rxd8 14. c4 Nf6 15. c5 Be7 16. Ne5 Bc8 17. Be3 Nd5 18. Rab1 f6 19. Nf3 Nxe3 20. fxe3 b6 21. Bb5+ Bd7 22. cxb6 axb6 23. a4 Ra8 24. Nd2 Bf8 25. Bxd7+ Kxd7 26. Ra1 Be7 27. c3 Ra6 28. Ra2 Rha8 29. Rfa1 c5 30. Kf2 b5 31. a5 c4 32. Ke2 Bd8 33. Ne4 Be7 34. h4 f5 35. Ng5 h6 36. Nf3 Bd8 37. Ne5+ Ke8 38. Rb2 Rxa5 39. Rxa5 Rxa5 40. Nc6 Ra3 41. Nxd8 Kxd8 42. Rxb5 Rxc3 43. Rc5 Rc2+ 44. Kf3 Ke7 45. g4 fxg4+ 46. Kxg4 Rc1 47. Kf3 c3 48. Ke2 c2 49. h5 Rh1 50. Rxc2 Rxh5 51. Kf3 Kf6 52. Kg4 Rg5+ 53. Kf4 h5 54. Rc8 Rg4+ 55. Kf3 Rg5 56. e4 Ra5 57. e5+ Kf5 58. Rf8+ Kg6 59. Kf4 Ra1 60. Re8 Rf1+ 61. Kg3 Kf7 62. Rh8 Rf5 63. Rd8 Kg6 64. Re8 Rg5+ 65. Kf3 Kf7 66. Rh8 Rg4 67. Rxh5 Rxd4 68. Rg5 Rd1 69. Kf4 Rf1+ 70. Ke4 Ra1 71. Kf4 Ra4+ 72. Kf3 g6 73. Ke3 Kg7 74. Kf3 Kh6 75. Rg1 g5 76. Re1 Kg6 77. Rg1 Kf5 78. Ke3 g4 79. Rf1+ Kxe5 80. Rf8 Ra3+ 81. Kf2 Rf3+ 82. Rxf3 gxf3 83. Kxf3 Kd4 84. Ke2 Ke4 0-1

[Event "Santo Domingo Independencia op 8th"]
[Site "Santo Domingo"]
[Date "2019.02.23"]
[Round "6"]
[White "Campusano Espinosa, Zoilo Nelson"]
[Black "Del Rosario Moreno, Carlos"]
[Result "1/2-1/2"]
[WhiteElo "2078"]
[BlackElo "2125"]
[PlyCount "140"]
[EventDate "2019.02.15"]
[EventType "swiss"]
[EventRounds "8"]
[EventCountry "DOM"]
[SourceTitle "CBM 189 Extra"]
[Source "ChessBase"]
[SourceDate "2019.05.31"]
[SourceVersion "1"]
[SourceVersionDate "2019.05.31"]
[SourceQuality "1"]

1. e4 e6 2. d4 d5 3. Nc3 Nf6 4. Bg5 dxe4 5. Nxe4 Be7 6. Nxf6+ Bxf6 7. Bxf6 Qxf6 8. Nf3 0-0 9. Bd3 c5 10. c3 cxd4 11. Nxd4 e5 12. Nb5 Nc6 13. Qc2 h6 14. Nc7 Rb8 15. Nd5 Qd6 16. Ne3 Kh8 17. Rd1 Qe7 18. 0-0 g6 19. b4 Qg5 20. Qe2 f5 21. f4 exf4 22. Nd5 Bd7 23. Nxf4 Rbe8 24. Qf2 Ne5 25. Be2 Bc6 26. Rd6 Qe7 27. Rxg6 Kh7 28. Re6 Qg5 29. g3 Ng4 30. Bxg4 fxg4 31. Rfe1 Rxe6 32. Rxe6 Qf5 33. Qe2 Rf7 34. Kf2 Qd5 35. Qxg4 Qxa2+ 36. Qe2 Qd5 37. Qg4 Qd2+ 38. Re2 Qd6 39. Ke1 Qf6 40. Re3 Bd7 41. Qf3 Bc6 42. Qe2 Qf5 43. Re7 a6 44. Rxf7+ Qxf7 45. Qe6 Qg7 46. Qf5+ Kg8 47. Qg6 Qxg6 48. Nxg6 Kg7 49. Ne5 Be4 50. Kd2 Kf6 51. Ng4+ Kg5 52. Nf2 Bc6 53. Ke3 Kf5 54. Kd4 b6 55. c4 Bg2 56. c5 bxc5+ 57. Kxc5 h5 58. Kd4 Bc6 59. h3 Bg2 60. Ke3 Bc6 61. g4+ hxg4 62. hxg4+ Kg5 63. Kd4 Kf4 64. Kc5 Bb5 65. Kb6 Be2 66. g5 Kxg5 67. Ne4+ Kf4 68. Nc5 Ke5 69. Nxa6 Kd6 70. Nc5 Bf1 1/2-1/2

[Event "Santo Domingo Independencia op 8th"]
[Site "Santo Domingo"]
[Date "2019.02.23"]
[Round "7"]
[White "Del Rosario Moreno, Carlos"]
[Black "Araujo Sanchez, Josue"]
[Result "0-1"]
[WhiteElo "2125"]
[BlackElo "2164"]
[PlyCount "94"]
[EventDate "2019.02.15"]
[EventType "swiss"]
[EventRounds "8"]
[EventCountry "DOM"]
[SourceTitle "CBM 189 Extra"]
[Source "ChessBase"]
[SourceDate "2019.05.31"]
[SourceVersion "1"]
[SourceVersionDate "2019.05.31"]
[SourceQuality "1"]

1. e4 c5 2. Nf3 Nc6 3. d4 cxd4 4. Nxd4 e5 5. Nb5 a6 6. N5c3 Nf6 7. Bg5 h6 8. Bxf6 Qxf6 9. Nd5 Qd8 10. Be2 Bc5 11. Nd2 0-0 12. 0-0 Ba7 13. Nc4 d6 14. Nde3 Nd4 15. Bg4 b5 16. Nd2 f5 17. Nxf5 Nxf5 18. Bxf5 Bxf5 19. exf5 Rxf5 20. Ne4 d5 21. Ng3 Rf7 22. Qd2 Qd6 23. Kh1 Raf8 24. f3 Qc5 25. Rad1 Rd7 26. f4 exf4 27. Rxf4 Rxf4 28. Qxf4 Rf7 29. Nf5 Qxc2 30. Rf1 Kh7 31. Qe5 Qd3 32. Qf4 Bb8 33. Qf3 Qxf3 34. Rxf3 Be5 35. b3 g6 36. Nh4 Rc7 37. g3 Kg7 38. Kg2 Bf6 39. Rd3 Bxh4 40. gxh4 Rd7 41. Kf3 Kf6 42. Kf4 g5+ 43. hxg5+ hxg5+ 44. Kg4 d4 45. h3 Ke5 46. Kxg5 Ke4 47. Rd1 d3 0-1

[Event "DOM-ch"]
[Site "Santo Domingo"]
[Date "2018.04.28"]
[Round "7"]
[White "Del Rosario Moreno, Carlos"]
[Black "Fabian Brioso, Carlos Julio"]
[Result "1-0"]
[WhiteElo "2117"]
[BlackElo "1917"]
[PlyCount "43"]
[EventDate "2018.04.20"]
[EventType "swiss"]
[EventRounds "11"]
[EventCountry "DOM"]
[SourceTitle "CBM 184 Extra"]
[Source "ChessBase"]
[SourceDate "2018.06.28"]
[SourceVersion "1"]
[SourceVersionDate "2018.06.28"]
[SourceQuality "1"]

1. e4 Nf6 2. e5 Nd5 3. c4 Nb6 4. c5 Nd5 5. Bc4 e6 6. d4 d6 7. cxd6 cxd6 8. Nf3 dxe5 9. dxe5 Nb6 10. Bd3 Bb4+ 11. Nc3 Nd5 12. 0-0 Nxc3 13. bxc3 Bxc3 14. Rb1 Nc6 15. Ba3 Bxe5 16. Nxe5 Nxe5 17. Bb5+ Nc6 18. Qf3 Bd7 19. Rfd1 Qg5 20. Rxd7 Kxd7 21. Qxf7+ Kc8 22. Bxc6 1-0

[Event "DOM-ch"]
[Site "Santo Domingo"]
[Date "2018.04.21"]
[Round "2"]
[White "Arvelo Leo, Gian Carlo"]
[Black "Del Rosario Moreno, Carlos"]
[Result "1/2-1/2"]
[WhiteElo "2198"]
[BlackElo "2117"]
[PlyCount "38"]
[EventDate "2018.04.20"]
[EventType "swiss"]
[EventRounds "11"]
[EventCountry "DOM"]
[SourceTitle "CBM 184 Extra"]
[Source "ChessBase"]
[SourceDate "2018.06.28"]
[SourceVersion "1"]
[SourceVersionDate "2018.06.28"]
[SourceQuality "1"]

1. c4 Nf6 2. g3 e5 3. Bg2 c6 4. Nf3 e4 5. Nd4 d5 6. cxd5 Qxd5 7. Nb3 Qh5 8. h3 Qg6 9. Nc3 a5 10. Qc2 a4 11. Nd4 Bc5 12. Ncb5 Bb6 13. Nd6+ Ke7 14. Nxc8+ Rxc8 15. e3 Bxd4 16. exd4 Nbd7 17. Qc4 Nd5 18. 0-0 Kf8 19. Re1 Re8 1/2-1/2

[Event "Santo Domingo op11"]
[Site "Santo Domingo"]
[Date "2017.11.25"]
[Round "6"]
[White "Camacho Campusano, David Daniel"]
[Black "Del Rosario Moreno, Carlos"]
[Result "0-1"]
[WhiteElo "2146"]
[BlackElo "2075"]
[PlyCount "122"]
[EventDate "2017.11.17"]
[EventType "swiss"]
[EventRounds "8"]
[EventCountry "DOM"]
[SourceTitle "CBM 181 Extra"]
[Source "ChessBase"]
[SourceDate "2017.12.12"]
[SourceVersion "1"]
[SourceVersionDate "2017.12.12"]
[SourceQuality "1"]

1. e4 e5 2. Nf3 Nc6 3. d4 exd4 4. Bc4 Nf6 5. e5 d5 6. Bb5 Ne4 7. Nxd4 Bd7 8. Bxc6 bxc6 9. 0-0 Bc5 10. f3 Ng5 11. Be3 0-0 12. Qd2 f6 13. Bxg5 fxg5 14. Nc3 Qe8 15. Kh1 Qxe5 16. Nde2 Rf6 17. Rae1 Re8 18. Na4 Bd6 19. Ng3 Qf4 20. Qxf4 gxf4 21. Rxe8+ Bxe8 22. Ne2 c5 23. Nac3 c6 24. Kg1 Bg6 25. Rc1 Re6 26. Kf1 Bf5 27. b3 g5 28. g3 fxg3 29. hxg3 h5 30. Kf2 Rf6 31. Kg2 Kf7 32. Na4 Re6 33. Kf2 h4 34. g4 Bg6 35. Nb2 c4 36. Nd4 c3 37. Na4 Bf4 38. Nxe6 Bxc1 39. Nd8+ Ke7 40. Nxc6+ Kd6 41. Nd4 Bb2 42. Ne2 Bxc2 43. Nexc3 Ba1 44. Ne2 Ke5 45. Ng1 Bd4+ 46. Kg2 Bxg1 47. Kxg1 Kf4 48. Kf2 Bd1 49. Nc5 Bxf3 50. Nd3+ Ke4 51. Nc5+ Kd4 52. Ne6+ Ke5 53. Nxg5 Bxg4 54. Nf7+ Kd4 55. b4 Kc3 56. Ne5 Bh5 57. Nc6 d4 58. b5 d3 59. Ne7 d2 60. Nd5+ Kd4 61. Ne3 d1Q 0-1

[Event "Santo Domingo op11"]
[Site "Santo Domingo"]
[Date "2017.11.18"]
[Round "2"]
[White "Del Rosario Moreno, Carlos"]
[Black "Novas Gomez, Mario de Jesus"]
[Result "1-0"]
[WhiteElo "2075"]
[BlackElo "1720"]
[PlyCount "107"]
[EventDate "2017.11.17"]
[EventType "swiss"]
[EventRounds "8"]
[EventCountry "DOM"]
[SourceTitle "CBM 181 Extra"]
[Source "ChessBase"]
[SourceDate "2017.12.12"]
[SourceVersion "1"]
[SourceVersionDate "2017.12.12"]
[SourceQuality "1"]

1. e4 e5 2. Nf3 Nc6 3. Bb5 a6 4. Ba4 Nf6 5. 0-0 b5 6. Bb3 Be7 7. Re1 0-0 8. c3 d6 9. h3 Na5 10. Bc2 c5 11. d4 Qc7 12. Nbd2 exd4 13. cxd4 Nc6 14. d5 Ne5 15. Nxe5 dxe5 16. b3 c4 17. bxc4 bxc4 18. Qe2 Bb4 19. Rb1 a5 20. a3 Bc3 21. Rd1 Ba6 22. Nf3 Qc5 23. Qe3 Qxe3 24. Bxe3 Nd7 25. Ba4 Nf6 26. Bc6 Rab8 27. d6 Bb2 28. Rxb2 Rxb2 29. Nxe5 Rd8 30. g4 h6 31. h4 Bb7 32. f3 c3 33. Nc4 c2 34. Rc1 Rxd6 35. Nxd6 Bxc6 36. Nc4 Rb3 37. Kf2 Rc3 38. Nxa5 Ba4 39. Nb7 Rxa3 40. Nc5 Bb5 41. Rxc2 Ra1 42. Rb2 Bc4 43. h5 Rf1+ 44. Kg3 Kf8 45. Rb7 Rd1 46. Bf2 Rd2 47. Be1 Rd8 48. Bc3 Ne8 49. Nd7+ Kg8 50. Ba5 Rc8 51. Nb6 Rc5 52. Nxc4 Rxc4 53. Rb8 Kf8 54. Bb4+ 1-0

[Event "DOM-ch"]
[Site "Santo Domingo"]
[Date "2017.05.05"]
[Round "9"]
[White "Arvelo Leo, Gian Carlo"]
[Black "Del Rosario Moreno, Carlos"]
[Result "1-0"]
[WhiteElo "2174"]
[BlackElo "2092"]
[PlyCount "39"]
[EventDate "2017.04.21"]
[EventType "swiss"]
[EventRounds "11"]
[EventCountry "DOM"]
[SourceTitle "CBM 178 Extra"]
[Source "ChessBase"]
[SourceDate "2017.06.22"]
[SourceVersion "1"]
[SourceVersionDate "2017.06.22"]
[SourceQuality "1"]

1. e4 c5 2. c3 e6 3. g3 a6 4. Bg2 b5 5. d3 Bb7 6. f4 Nf6 7. Nf3 d5 8. e5 Ng8 9. 0-0 g6 10. g4 Nc6 11. f5 gxf5 12. gxf5 Qd7 13. fxe6 fxe6 14. Ng5 0-0-0 15. Nf7 Bg7 16. Nd6+ Kb8 17. Rf7 Bxe5 18. Rxd7 Rxd7 19. Nxb7 Rxb7 20. Qg4 1-0

[Event "DOM-ch"]
[Site "Santo Domingo"]
[Date "2017.04.28"]
[Round "5"]
[White "Reyes Capellan, Elby"]
[Black "Del Rosario Moreno, Carlos"]
[Result "0-1"]
[WhiteElo "2029"]
[BlackElo "2092"]
[PlyCount "61"]
[EventDate "2017.04.21"]
[EventType "swiss"]
[EventRounds "11"]
[EventCountry "DOM"]
[SourceTitle "CBM 178 Extra"]
[Source "ChessBase"]
[SourceDate "2017.06.22"]
[SourceVersion "1"]
[SourceVersionDate "2017.06.22"]
[SourceQuality "1"]

1. Nf3 c5 2. b3 d5 3. Bb2 Nc6 4. e3 a6 5. Be2 d4 6. a4 Nf6 7. Na3 e5 8. Nc4 Bd6 9. exd4 exd4 10. c3 Bc7 11. cxd4 cxd4 12. Bd3 0-0 13. 0-0 Bg4 14. h3 Bh5 15. Re1 Qd7 16. Bf1 Rfe8 17. Rxe8+ Rxe8 18. d3 Nd5 19. Ncd2 Nf4 20. Rc1 Qf5 21. b4 Bd6 22. Kh1 Nxd3 23. Bxd3 Qxd3 24. g4 Bg6 25. b5 axb5 26. axb5 Qxb5 27. Ba1 h5 28. Qg1 hxg4 29. Qxg4 Qd5 30. Bb2 Bd3 31. Qh4 0-1

[Event "Santo Domingo Autumn op"]
[Site "Santo Domingo"]
[Date "2016.10.07"]
[Round "8"]
[White "Abreu Jean, Carlos Paul"]
[Black "Del Rosario Moreno, Carlos"]
[Result "1-0"]
[WhiteElo "2310"]
[BlackElo "2111"]
[PlyCount "49"]
[EventDate "2016.10.07"]
[EventType "swiss"]
[EventRounds "8"]
[EventCountry "DOM"]
[SourceTitle "CBM 175 Extra"]
[Source "ChessBase"]
[SourceDate "2016.12.12"]
[SourceVersion "1"]
[SourceVersionDate "2016.12.12"]
[SourceQuality "1"]

1. Nf3 Nf6 2. c4 e6 3. g3 d5 4. Bg2 Be7 5. 0-0 0-0 6. d4 Nbd7 7. Qc2 c6 8. Nbd2 b6 9. e4 dxc4 10. Nxc4 c5 11. Bg5 Ba6 12. dxc5 Nxc5 13. Rfd1 Qe8 14. Bxf6 Bxf6 15. e5 Be7 16. Nd6 Qa4 17. b3 Qg4 18. Nd4 Bxd6 19. exd6 Rac8 20. Nc6 e5 21. h3 Qd7 22. Nxe5 Qe8 23. Qb2 Nd7 24. Nc6 Ra8 25. Re1 1-0

[Event "Santo Domingo U2080 op"]
[Site "Santo Domingo"]
[Date "2016.06.13"]
[Round "7"]
[White "Del Rosario Moreno, Carlos"]
[Black "Mendez, Ruddy Antonio"]
[Result "1-0"]
[WhiteElo "2078"]
[BlackElo "2019"]
[PlyCount "119"]
[EventDate "2016.06.10"]
[EventType "swiss"]
[EventRounds "8"]
[EventCountry "DOM"]
[SourceTitle "CBM 172 Extra"]
[Source "ChessBase"]
[SourceDate "2016.06.21"]
[SourceVersion "1"]
[SourceVersionDate "2016.06.21"]
[SourceQuality "1"]

1. d4 Nf6 2. c4 c5 3. d5 e5 4. Nc3 d6 5. e4 Be7 6. g3 0-0 7. Bg2 Kh8 8. Nge2 Ng8 9. 0-0 g6 10. b3 f5 11. f4 Bf6 12. fxe5 Bxe5 13. Bf4 Qe7 14. Qd2 Nd7 15. exf5 gxf5 16. Rae1 Bxf4 17. Nxf4 Ne5 18. Nd3 Qg7 19. Nxe5 dxe5 20. Qe3 e4 21. Qxc5 Bd7 22. Ne2 Nf6 23. Bh3 Qg5 24. Qf2 Rae8 25. Nf4 b6 26. Qd4 Kg8 27. b4 Ng4 28. Bxg4 Qxg4 29. Re3 Rc8 30. c5 Bb5 31. Rc1 Rfd8 32. Qf6 Bd7 33. h3 Qg7 34. Qxg7+ Kxg7 35. c6 Kf6 36. b5 Be8 37. Re2 Bf7 38. Rd1 Ke5 39. Kf2 Rd6 40. Red2 Rcd8 41. Ke3 Rg8 42. Kf2 Rgd8 43. a4 Rg8 44. Ng2 Rxd5 45. Rxd5+ Bxd5 46. Ne3 Be6 47. a5 bxa5 48. Ra1 Rb8 49. Rxa5 Kd6 50. Nc2 Kc5 51. Ke3 f4+ 52. gxf4 Bxh3 53. Nd4 Bf1 54. Rxa7 h6 55. Rh7 Bxb5 56. Rb7 Rc8 57. Rxb5+ Kc4 58. Rh5 Rd8 59. c7 Rc8 60. Ne6 1-0

[Event "Santo Domingo U2080 op"]
[Site "Santo Domingo"]
[Date "2016.06.11"]
[Round "3"]
[White "Del Rosario Moreno, Carlos"]
[Black "Jimenez Matos, Jimmy"]
[Result "1-0"]
[WhiteElo "2078"]
[BlackElo "1945"]
[PlyCount "45"]
[EventDate "2016.06.10"]
[EventType "swiss"]
[EventRounds "8"]
[EventCountry "DOM"]
[SourceTitle "CBM 172 Extra"]
[Source "ChessBase"]
[SourceDate "2016.06.21"]
[SourceVersion "1"]
[SourceVersionDate "2016.06.21"]
[SourceQuality "1"]

1. e4 c6 2. d4 d5 3. Nc3 e6 4. Nf3 Bb4 5. e5 c5 6. a3 cxd4 7. axb4 dxc3 8. bxc3 Qc7 9. Bd3 Nd7 10. 0-0 Nxe5 11. Nxe5 Qxe5 12. Bb5+ Bd7 13. Bxd7+ Kxd7 14. Be3 Nf6 15. Re1 Qxc3 16. Bd4 Qc4 17. c3 a6 18. Qf3 Ke7 19. Bc5+ Kd7 20. Qg3 Ne8 21. Rad1 Rc8 22. Rd4 Qb5 23. c4 1-0